El pseudousufructo testamentario

Detalles Bibliográficos
Autor principal: Da̕z de Lezcano Sevillano, Ignacio
Formato: eBook
Lenguaje:español
Publicado: Madrid: Marcial Pons, 2012
Materias:
Acceso en línea:Acceso restringido

MARC

LEADER 00000nam a22000007a 4500
005 20180702004110.0
007 cr|||| ||||
008 180702s2012 es |||||s|||| 00||0 spa d
020 |a 978-84-91235-02-6 
035 |a 21752 
040 |a vLex 
090 |c 8000  |d 8000 
100 1 |a Da̕z de Lezcano Sevillano, Ignacio 
245 1 2 |a El pseudousufructo testamentario  |h [Recurso electrn̤ico] /  |c Ignacio Da̕z de Lezcano Sevillano 
256 |a Servicio en ln̕ea 
260 |a Madrid:  |b Marcial Pons,  |c 2012 
300 |a 1 recurso electrn̤ico 
506 1 |a Disponible solo en los productos indicados  |d vLex Global  |d vLex Global (Academic Edition, excluding Law Schools)  |d vLex Global (U.S. Academic Edition, Law Schools)  |d vLex Global (U.S. Academic Edition, excluding Law Schools)  |d vLex Global (Academic Edition, Law Schools) 
650 0 4 |a Derecho Civil  |z Espaą 
740 0 |a vLex Libros (Servicio en ln̕ea) 
856 4 0 |u http://vlex.com/source/pseudousufructo-testamentario-21752  |z Acceso restringido 
942 |c BOOK 
999 0 |a Civil Law